00629nam a22001817a 450000500170000001000150001702000260003203500140005803700090007208200110008110000180009224500880011026000760019827000900027430000230036450000420038770000180042920250116145348.0 aENG-143498 a9788179941010c900.00 aEN-127030 bDBAD a230.35 aKashyap, R.L. aSama veda Uttara archika;cText in Devanagri translation & notes/b By R.L. Kashyap abangalorebSri anrobindo kapali sastry institute of vedic culturec2011 a63, 13th Main, 4th block east, jayanagarbbangaloree560011k08022456315k09008833886 a457 p.c22 cm(pb)  aText in Devanagri translation & notes a R.L. Kashyap